000
00305nam a22001457a 4500
008
210305b ||||| |||| 00| 0 eng d
020
_a
9781680366792
041
_a
eng
080
_a
82
082
_a
82
100
_a
21
101
_a
GJL
245
_a
The UNF Guide to Writing
_c
UNF
942
_2
udc
_c
BK
999
_c
55890
_d
55890